000 01232nam a2200325 a 4500
001 ebr10196238
003 CaPaEBR
006 m u
007 cr cn|||||||||
008 070409s2007 caua s 000 0 eng
010 _z 2007014808
020 _z9781576754696 (hardcover : alk. paper)
040 _aCaPaEBR
_cCaPaEBR
035 _a(OCoLC)310431845
050 1 4 _aQH81
_b.M1515 2007eb
082 0 4 _a508
_222
100 1 _aMcDargh, Eileen.
245 1 0 _aGifts from the mountain
_h[electronic resource] :
_bsimple truths for life's complexities /
_cEileen McDargh ; illustrations by Roderick MacIver.
250 _a1st ed.
260 _aSan Francisco :
_bBerrett-Koehler Publishers,
_cc2007.
300 _avi, 114 p. :
_bcol. ill.
533 _aElectronic reproduction.
_bPalo Alto, Calif. :
_cebrary,
_d2013.
_nAvailable via World Wide Web.
_nAccess may be limited to ebrary affiliated libraries.
650 0 _aNature.
650 0 _aLife.
650 0 _aMountaineering.
655 7 _aElectronic books.
_2local
700 1 _aMacIver, Roderick.
710 2 _aebrary, Inc.
856 4 0 _uhttp://site.ebrary.com/lib/rucke/Doc?id=10196238
_zAn electronic book accessible through the World Wide Web; click to view
999 _c115486
_d115486